Pensar y poetizar Nº 1.

Guardat en:
Dades bibliogràfiques
Autor principal: Cuneo Loyola, Bruno (autor)
Format: Llibre
Idioma:espanyol
anglès
Publicat: Valparaíso, Chile Universidad Católica de Valparaíso 2001
Matèries:
Etiquetes: Afegir etiqueta
Sense etiquetes, Sigues el primer a etiquetar aquest registre!

MARC

LEADER 00000cam a2200000 a 4500
001 UCN8079
003 CL-VaPUC
005 20230104094632.0
008 011109e20010212CL |||||||||||||||||spa|d
999 |c 298141  |d 298139 
040 |c Pontificia Universidad Católica de Valparaíso 
041 0 7 |a spa  |2 CL-VaPUC 
041 0 7 |a eng  |2 CL-VaPUC 
082 0 4 |a 808.1 CUN 2001  |2 21 
100 0 |a Cuneo Loyola, Bruno  |e autor  |9 464285 
245 1 0 |a Pensar y poetizar Nº 1. 
260 0 3 |a Valparaíso, Chile  |b Universidad Católica de Valparaíso  |c 2001 
300 |a 144 páginas 
583 |a last modification  |c 20170404 10:48:34  |k Rodrigo Vera 
600 0 7 |a IOMMI, ALFREDO  |2 CL-VaPUC  |9 464286 
600 0 |a Oyarzún Robles, Pablo,  |d 1950-  |9 464287 
600 0 7 |a BAUDELAIRE, CHARLES PIERRE  |2 CL-VaPUC  |9 265454 
600 0 7 |a HEANEY, SEAMUS  |2 CL-VaPUC  |9 464288 
600 0 7 |a RODRIGUEZ, VIRGILIO  |2 CL-VaPUC  |9 464289 
650 0 |a Poesías chilenas   |9 265280 
650 7 |a POESIAS IRLANDESAS  |2 CL-VaPUC  |9 267794 
650 7 |a POESIAS ESTADOUNIDENSES  |2 CL-VaPUC  |9 464290 
650 0 |a Ensayos chilenos   |9 269132 
650 0 |a Ensayos franceses  |9 265511 
650 0 |a Archivo histórico PUCV  |9 255554 
650 0 |a Académicos   |x Pontificia Universidad Católica de Valparaíso (PUCV)  |9 255553 
942 |c BK  |2 ddc 
945 |d 20011109 00:00:00  |a rbrito 
952 |0 0  |1 0  |2 ddc  |4 0  |6 808_100000000000000_CUN_2001  |7 0  |8 A  |9 353504  |a BIBEDU  |b BIBEDU  |d 2019-11-21  |i 3730662  |o 808.1 CUN 2001  |p 3730662  |r 2019-11-21  |t 2  |w 2019-11-21  |y BK  |k LIT 
952 |0 0  |1 0  |2 ddc  |4 0  |6 808_100000000000000_CUN_2001  |7 0  |8 X  |9 353505  |a FDOBUD  |b FDOBUD  |d 2019-11-21  |i 1071882  |o 808.1 CUN 2001  |p 1071882  |r 2019-11-21  |t 1  |w 2019-11-21  |y BK_X  |k FHP